| 000 | 00847 a2200241 4500 | ||
|---|---|---|---|
| 001 | 43863 | ||
| 005 | 20260407155719.0 | ||
| 008 | 260407a1997 arg spa d | ||
| 003 | AR-UNSa-BCEJYS | ||
| 040 |
_aAR-UNSa-BCEJYS _bspa _cAR-UNSa-BCEJYS |
||
| 080 |
_a330.34 _xDesarrollo Económico |
||
| 245 | 1 | 0 | _aDesarrollo, geografía y teoría económica |
| 020 | _a84-85855-82-5 | ||
| 264 | 1 |
_aBarcelona : _bAntoni Bosch _c1997 |
|
| 300 |
_a113 p. _c22 cm. |
||
| 505 | _a1. La caída y el resurgimiento de la economía del desarrollo - 2. Geografía perdida y encontrada - 3. Modelos y metáforas | ||
| 041 | _aspa | ||
| 942 | _cBK | ||
| 590 | _aniveau_biblio:m niveau_hierar:0 | ||
| 100 | 1 | _aComas, Adelina | |
| 700 | 1 | _aKrugman, Paul R. | |
| 856 | 4 | 1 |
_uhttps://biblioeco.unsa.edu.ar/pmb/images/libros/L126832.jpg _yImagen de portada _qimage/jpeg |
| 999 |
_c3731 _d3731 |
||